000
00299nam a22001337a 4500
008
171208b xxu||||| |||| 00| 0 eng d
020
_a
044488850
041
_a
eng
080
_a
621
100
_a
27
101
_a
INXH
245
_a
INTELLIGENT CAD, II
_c
YOSHIKAWA, H& HOLDEN, T
942
_2
udc
_c
BK
999
_c
38833
_d
38833